000 00641nam a2200241Ia 4500
003 OSt
005 20220928124005.0
006 a|||||r|||| 00| 0
007 ta
008 220927b |||||||| |||| 00| 0 eng d
024 _a67128
037 _cTextual
040 _aSDCL
_cSDCL
_beng
041 _2eng
_aeng
082 _aX:8T, P5
100 _aDalkir Kimiz
_9463049
245 0 _aKnowledge management in theory and practice
260 _aAmsterdam
_bElsevier
_c2005
300 _axv,343p
_ccm.
650 _aKnowledge Management
_9419522
942 _hX:8T, P5
_cTEXL
_2CC
999 _c775993
_d775993